| 000 | 00492nam a2200181Ia 4500 | ||
|---|---|---|---|
| 003 | GCL | ||
| 008 | 140319s9999 xx 000 0 eng d | ||
| 040 |
_aGCL / _cGCL |
||
| 082 | 0 | 4 |
_a519.7 _bW M |
| 100 | 1 | _aKAEHLER, LOUS | |
| 245 | 1 | 0 |
_aMODEL SOLVING IN MATHEMATICAL PROGRAMMING / _cKAEHLER, LOUS |
| 700 | 1 | _aDAGGER, RICHARD | |
| 260 |
_a[S.N] : _bMACMILLAN PUBLISHING COMPANY ، _c1993 |
||
| 300 | _a359 P | ||
| 650 | 0 | 4 | _aMATHEMATICAL METHOD |
| 650 | 0 | 4 | _aMATHEMATICS |
| 942 |
_2ddc _cBK |
||
| 999 |
_c18430 _d18430 |
||